| 000 | 00629nam a2200193 i 4500 | ||
|---|---|---|---|
| 001 | 73104 | ||
| 003 | ES-MaACL | ||
| 005 | 20230906171654.0 | ||
| 007 | t| | ||
| 008 | 040906s1958 sp ||||1| spa d | ||
| 100 | 1 |
_aGómez Calero, Juan. _957851 |
|
| 245 | 1 | 3 |
_aLa acción subrogatoria _b: (artículo 1111 del Código civil) / _cJuan Gómez Calero. |
| 260 |
_a[S.l. : _bs.n., _c1958] ( _eMadrid : _fImp. Ciudad de los Muchachos) |
||
| 300 |
_a148 p. ; _c21 cm. |
||
| 502 | _aTesis-Univ. de Sevilla. | ||
| 650 | 4 |
_aAcción (Derecho)- _zEspaña. _9156720 |
|
| 710 | 2 |
_aUniversidad de Sevilla. _97301 |
|
| 852 |
_aES-MaACL _jC-14987 |
||
| 999 |
_c73104 _d73104 |
||